| 000 | 00557nam a2200193Ia 4500 | ||
|---|---|---|---|
| 005 | 20260122095521.0 | ||
| 008 | 260121s9999||||xx |||||||||||||| ||und|| | ||
| 020 | _a9781138954472 | ||
| 082 |
_a363.34936 _bMCE |
||
| 100 | _aMcEwen, Lindsey Jo | ||
| 245 | 0 |
_aFlood risk and community resilience : _ban interdisciplinary approach / |
|
| 260 |
_aLondon : _bRoutledge, _c2024. |
||
| 300 | _axx, 353 p.; pbk | ||
| 440 | _aEarthscan studies in water resource management | ||
| 650 | _aEarthscan | ||
| 650 | _aFlood | ||
| 650 | _aWater resource | ||
| 942 | _cTB | ||
| 999 |
_c48569 _d48569 |
||